Taylor Swift - Paroles no body, no crime (feat. Haim) - Statistiques

Statistiques générales
  • Ce quiz a été pris 145 fois
    142 depuis la dernière actualisation
  • Le résultat moyen est 330 sur 376
Statistiques - réponses
Hint Réponse % Correct
I
100%
"I
100%
it
100%
it"
100%
it)
100%
did
99%
Intro He
99%
he
99%
(he
99%
| Refrain She
97%
she
97%
("She
97%
a
96%
but
96%
But
96%
can
96%
can't
96%
No,
96%
no
96%
think
96%
friend
95%
just
95%
mine
95%
of
95%
prove
95%
the
95%
was
93%
body,
92%
crime
92%
in
91%
Couplet 2 Este
89%
Her
89%
her
89%
me
89%
says,
89%
says
89%
up
89%
when
89%
and
88%
And
88%
die
88%
die,
88%
my
88%
thinks
88%
We
88%
every
87%
gonna
87%
his
87%
day
85%
glass
85%
wine
85%
with
85%
I'm
84%
wasn't
84%
Couplet 1 Este's
83%
Bridge Good
83%
him
83%
sleep
83%
there
83%
thing
83%
until
83%
fifteen
80%
meet
80%
sister's
80%
Refrain They
80%
they
80%
to
80%
for
79%
night
79%
on
79%
out
79%
Tuesday
79%
dude")
77%
husband's
77%
infidelity
77%
like
77%
swear
77%
ain't
76%
daddy
76%
died
76%
mistress
76%
scene
76%
some
76%
account"
75%
everything
75%
house
75%
policy
75%
been
73%
cover
73%
doubt
73%
join
73%
know
73%
losing
73%
new
73%
smells
73%
at
72%
bed
72%
how
72%
our
72%
acting
71%
call
71%
dinner
71%
"That
71%
missing
69%
moved
69%
Refrain 'Cause
68%
different
68%
Sleeps
68%
wife
68%
catch
67%
cleaned
67%
life
67%
took
67%
enough
65%
got
65%
made
65%
mouth"
65%
reports
65%
I've
64%
letting
64%
anywhere
63%
big
63%
brand
63%
houses
63%
insurance
63%
license
63%
has
61%
get
60%
merlot
60%
tires
60%
or
59%
job,
57%
Somebody's
57%
Garden,
56%
jewelry
56%
noticed
56%
passed
56%
truck
56%
Olive
55%
gotta
48%
boating
47%
Aucun quiz correspondant
Distribution des résultats
% des personnes avec chaque résultat
Percentile par nombre de réponses
Votre historique - résultats
Vous n’avez pas pris ce quiz depuis la dernière actualisation